Handbuch der Vermessungskunde.Band V. : Gravimetrische Instrumente und Messmethoden
Gespeichert in:
| Format: | Buch |
|---|---|
| Sprache: | Deutsch |
| Veröffentlicht: |
Stuttgart :
Metzlersche Verlag,
1967
|
| Ausgabe: | 10.preprac.a dopl.vyd. |
| Tags: |
Keine Tags, Fügen Sie das erste Tag hinzu!
|
MARC
| LEADER | 00000nam a22000003a 4500 | ||
|---|---|---|---|
| 001 | stu186055 | ||
| 005 | 20150408182654.8 | ||
| 008 | 090625s1967----gw------------------ger-d | ||
| 040 | |a STU |b slo | ||
| 041 | 0 | |a ger | |
| 044 | |a gw | ||
| 080 | |a 528.021.4 | ||
| 245 | |a Handbuch der Vermessungskunde.Band V. : |b Gravimetrische Instrumente und Messmethoden | ||
| 250 | |a 10.preprac.a dopl.vyd. | ||
| 260 | |a Stuttgart : |b Metzlersche Verlag, |c 1967 | ||
| 300 | |a 308 s | ||
| 996 | |c V*18900/O-7227 |l VV3 |s P |a 0 |w stu186055_0001 | ||